00575nam a22001697a 450000500170000001000150001702000270003203500140005903700130007308200110008610000190009724500690011626000420018527001270022730000290035450000220038320180510141910.0 aENG-122970 a9789386262417c1250.00 aEN-106502 bDBAD/PUB a954.04 aBhambhri, C.P. aThe Indian state since independence 70 years /cby C.P. Bhambhri aNew Delhi bShipra Publicationsc2017 aH.O. LG 18-19, Pankaj Central Market, Patparganj, I.P. Extn.bDelhie110092k011-22235152/6152minfo@shiprapublication.com ax, 225p.c22cm(Hb)bill. aIt include index